000 01028nam a2200217 i 4500
001 153492
003 ES-MaACL
005 20230906205239.0
008 950724s1875 sp |||| | spa d
040 _aCAM
_bspa
_cCAM
100 1 _aDiego, Francisco de.
_944544
245 1 0 _aDiscursos leídos en la sesión inaugural del año académico de 1875-76 en la Academia Médico-Quirúrgica Española
_b: verificada el 19 de diciembre de 1875 /
_cpor... Francisco de Diego; y... Enrique Graells y Alcalde.
260 _aMadrid :
_b[s.n.],
_c1875 (
_fBerenguillo)
300 _a80 p. ;
_c23 cm.
530 _aDisponible también en sitio web.
650 4 _aCadáveres-
_xConservación.
_9152564
700 1 _aGraells y Alcalde, Enrique.
_9152563
710 0 _aAcademia Médico-Quirúrgica Española.
_91209
852 _aES-MaACL
_jT-685-F-6
_z-- Enc. hol.
_z-- Enc. varias obras en un vol.
856 _uhttp://bibliotecadigitalhispanica.bne.es:80/webclient/DeliveryManager?pid=1835375&custom_att_2=simple_viewer
_zIr a la página
999 _c153492
_d153492